| Tag |
First Indicator |
Second Indicator |
Subfields |
| LEADER |
00000cam a2200000 4500 |
| 001 |
in00001402311 |
| 005 |
20151020054131.0 |
| 008 |
710907t19711970nyuabch 001 0 eng |
| 010 |
|
|
|a 76139852
|
| 020 |
|
|
|a 0393054322
|
| 035 |
|
|
|a (OCoLC)00162441
|
| 035 |
|
|
|9 AHN0503AM
|
| 040 |
|
|
|a DLC
|c DLC
|d TXA
|d UtOrBLW
|
| 049 |
|
|
|a TXAM
|
| 050 |
0 |
0 |
|a D20
|b .M6 1971
|
| 082 |
0 |
0 |
|a 909
|
| 245 |
0 |
0 |
|a Milestones of history ;
|b 100 decisive events in the history of mankind.
|
| 264 |
|
1 |
|a New York :
|b Norton,
|c [1971]
|
| 264 |
|
4 |
|c [©1970]
|
| 300 |
|
|
|a 936 pages :
|b illustrations, facsimiles, maps, portraits ;
|c 31 cm.
|
| 336 |
|
|
|a text
|b txt
|2 rdacontent
|
| 337 |
|
|
|a unmediated
|b n
|2 rdamedia
|
| 338 |
|
|
|a volume
|b nc
|2 rdacarrier
|
| 500 |
|
|
|a Part of the illustrative matter is colored.
|
| 500 |
|
|
|a Each part being published separately by Newsweek, New York.
|
| 505 |
0 |
|
|a Ancient empires.--The fires of faith.--The expanding world of man.--Twilight of princes.--Age of optimism.--Our twentieth-century world.
|
| 500 |
|
|
|a Includes index.
|
| 650 |
|
0 |
|a World history.
|
| 999 |
|
|
|a MARS
|
| 999 |
f |
f |
|s d49a54f1-ac04-3bb9-a255-e931f1883c6c
|i b489ebbe-127c-3850-87dc-8f46a6125e70
|t 0
|
| 952 |
f |
f |
|p ric
|a Texas A&M University
|b Rellis Campus
|c Joint Library Facility
|d Remote Storage
|t 0
|e D20 .M6 1971
|h Library of Congress classification
|i unmediated -- volume
|m A14822094527
|
| 998 |
f |
f |
|a D20 .M6 1971
|t 0
|l Remote Storage
|